| 000 | 00397nam a2200157Ia 4500 | ||
|---|---|---|---|
| 003 | GCL | ||
| 008 | 140319s9999 xx 000 0 aFre d | ||
| 040 |
_aGCL / _cGCL |
||
| 082 | 0 | 4 |
_a305 _bD I |
| 100 | 1 | _aDOSSIER DU CEDEJ | |
| 245 | 1 | 0 |
_aLE PHENOMEN DE LE VIOLENCE POLITIQUE / _cDOSSIER DU CEDEJ |
| 260 |
_a[S.N] : _bDOSSIERS DU CEDEJ |
||
| 300 | _a319 | ||
| 650 | 0 | 4 | _aHISTORY |
| 942 |
_2ddc _cCR |
||
| 999 |
_c25789 _d25789 |
||